Standardform contracts : A study with special reference to laws of India, England and America (Record no. 20685)

MARC details
000 -LEADER
fixed length control field 00806nam a2200205Ia 4500
082 ## - DEWEY DECIMAL CLASSIFICATION NUMBER
Classification number TS.0445
100 ## - MAIN ENTRY--AUTHOR NAME
Personal name Singhvi, Sajjan Singh
245 #0 - TITLE STATEMENT
Title Standardform contracts : A study with special reference to laws of India, England and America
260 ## - PUBLICATION, DISTRIBUTION, ETC. (IMPRINT)
Year of publication 1977
Name of publisher University of Udaipur
300 ## - PHYSICAL DESCRIPTION
Number of Pages 393p. + C D - 56
650 ## - SUBJECT ADDED ENTRY--TOPICAL TERM
Topical Term STANDARD CONDITIONS OF CONTRACT//STANDARDIZED TERMS OF CONTRACTS
650 ## - SUBJECT ADDED ENTRY--TOPICAL TERM
Topical Term CONTRACTS OF ADHESION//STANDARDIZED TERMS OF CONTRACTS
650 ## - SUBJECT ADDED ENTRY--TOPICAL TERM
Topical Term STANDARDIZED TERMS OF CONTRACTS
650 ## - SUBJECT ADDED ENTRY--TOPICAL TERM
Topical Term CONTRACTS, STANDARD//STANDARDIZED TERMS OF CONTRACTS
650 ## - SUBJECT ADDED ENTRY--TOPICAL TERM
Topical Term CONTRACTS, UNIFORM//STANDARDIZED TERMS OF CONTRACTS
650 ## - SUBJECT ADDED ENTRY--TOPICAL TERM
Topical Term STANDARD CONTRACTS//STANDARDIZED TERMS
650 ## - SUBJECT ADDED ENTRY--TOPICAL TERM
Topical Term STANDARD CONTRACTS//STANDARDIZED TERMS
710 ## - ADDED ENTRY--CORPORATE NAME
Corporate name or jurisdiction name as entry element Kasliwal, G.C.
942 ## - ADDED ENTRY ELEMENTS (KOHA)
Koha item type Thesis
Source of classification or shelving scheme Dewey Decimal Classification
Holdings
Withdrawn status Lost status Damaged status Not for loan Home library Current library Date acquired Full call number Accession Number Price effective from Koha item type
        NASSDOC Library NASSDOC Library 08/10/2004 TS.0445 10876 18/04/2019 Thesis
        NASSDOC Library NASSDOC Library 08/10/2004 TS.0445 12216 18/04/2019 Thesis